000 00431nam a22001697a 4500
005 20241210110844.0
008 160524b xxu||||| |||| 00| 0 eng d
020 _a978-0333-77821-0
041 _aeng
082 _b4477
100 _aKOUT SOYIANNIS, A.
_98595
245 _aMODERN MICROECONOMICS [2ND ED.]
260 _aNew Delhi
_bAcademic Faundation
_c2009
300 _a552
650 _aInformation Technology
942 _cBK
999 _c1503
_d1503